000 003860000a22001330004500
773 0 _tTeartimes
100 1 _aLang, Mark
245 1 0 _a60 seconds with ...Nicky Gumebl
300 _aVol.0, núm.121 (Autumn 2008), Página 30
500 _aEntrevista
520 _aUna entrevista con el Rev. Nicky Gumbel, de la iglesia Holy Trinity Brompton.
650 1 4 _aPOBREZA-AYUDAS
942 _cANA
999 _c62742
_d62742